Countries by Words - Statistics

General Stats
  • This quiz has been taken 49 times
  • The average score is 9 of 10
Answer Stats
Hint Country % Correct
Kangaroo, Opera, Desert Australia
98%
Pyramid, Pharaoh, Lighthouse Egypt
98%
Pasta, Fashion, Architecture Italy
98%
Sushi, Tea, Art Japan
98%
Pepper, Cactus, Mariachi Mexico
98%
Hockey, Bear, Arctic Canada
96%
Farm, Football, Cowboy United States
96%
Coffee, Jungle, Beach Brazil
91%
Oil, Islam, Shipping Saudi Arabia
89%
Volcano, Spice, Island Indonesia
72%
No matching quizzes found
Score Distribution
Percent of People with Each Score
Percentile by Number Answered
Your Score History
You have not taken this quiz